Multiple choice easy encanto quiz - Statistics

General Stats
  • This quiz has been taken 112 times
  • The average score is 8 of 9
Answer Stats
Question Answer % Correct
The uncle we don’t talk about (very easy) Bruno
100%
House’s name Casita
100%
Main character None of the above
100%
The grandma (abuela) Alma
86%
Youngest cousin Antonio
86%
What is pepa's husband's name Felix
86%
What is the older boy cousin's name Camilo
71%
Sisters names from oldest to youngest Isabela - Luisa - mirabel
71%
Aunt's name Pepa
71%
No matching quizzes found
Score Distribution
Percent of People with Each Score
Percentile by Number Answered
Your Score History
You have not taken this quiz